Soil organisms and litter decomposition in the tropics /

Bibliographic Details
Other Authors: Reddy, M. V.
Format: Book
Language:English
Published: Boulder : Westview Press, 1995.
Subjects:

MARC

Tag First Indicator Second Indicator Subfields
LEADER 00000cam a2200000 a 4500
001 in00001304921
005 20151005051453.0
008 950321s1995 coua b 001 0 eng
010 |a  95014219  
020 |a 0813389402 (hc) 
035 |a (OCoLC)32273898 
035 |9 AHA7251AM 
040 |a DLC  |c DLC  |d C#P  |d TXA  |d UtOrBLW 
043 |a w------ 
049 |a TXAM 
050 0 0 |a QH541.5.S6  |b S65 1995 
082 0 0 |a 574.5/26404/0913  |2 20 
245 0 0 |a Soil organisms and litter decomposition in the tropics /  |c editor, Mallapureddi Vikram Reddy. 
264 1 |a Boulder :  |b Westview Press,  |c 1995. 
300 |a xi, 274 pages :  |b illustrations ;  |c 24 cm. 
336 |a text  |b txt  |2 rdacontent 
337 |a unmediated  |b n  |2 rdamedia 
338 |a volume  |b nc  |2 rdacarrier 
504 |a Includes bibliographical references and indexes. 
650 0 |a Soil ecology  |z Tropics. 
650 0 |a Forest litter  |x Biodegradation  |z Tropics. 
700 1 |a Reddy, M. V. 
999 |a MARS 
999 f f |s c7e42791-080e-3ff4-9759-b981ba564fbd  |i 585e6621-b215-30c0-8f16-d3d306513117  |t 0 
952 f f |p ric  |a Texas A&M University  |b Rellis Campus  |c Joint Library Facility  |d Remote Storage  |t 0  |e QH541.5.S6 S65 1995  |h Library of Congress classification  |i unmediated -- volume  |m A14820050276 
998 f f |a QH541.5.S6 S65 1995  |t 0  |l Remote Storage